Normal view
MARC view
- PLANEX (COMPUTER PROGRAM) PRODUCTION PLANNING DATA PROCESSING DATA PROCESSING INDUSTRIAL PROJECT MANAGEMENT ACC NO-30504
Entry Topical Term
001 - CONTROL NUMBER
- control field: 74028
003 - CONTROL NUMBER IDENTIFIER
- control field: NUST
005 - DATE AND TIME OF LATEST TRANSACTION
- control field: 20210628205123.0
008 - FIXED-LENGTH DATA ELEMENTS
- fixed length control field: 210628|| aca||aabn | a|a d
040 ## - CATALOGING SOURCE
- Original cataloging agency: NUST
- Transcribing agency: NUST
150 ## - HEADING--TOPICAL TERM
- Topical term or geographic name entry element: PLANEX (COMPUTER PROGRAM) PRODUCTION PLANNING DATA PROCESSING DATA PROCESSING INDUSTRIAL PROJECT MANAGEMENT ACC NO-30504
670 ## - SOURCE DATA FOUND
- Source citation: Work cat.: (NUST): Knowledge based process planning for construction and manufacturing, 1989
